Gre Prep Course (Record no. 306109)
[ view plain ]
| 000 -LEADER | |
|---|---|
| fixed length control field | 00409nam a2200169Ia 4500 |
| 008 - FIXED-LENGTH DATA ELEMENTS--GENERAL INFORMATION | |
| fixed length control field | 230718s9999 xx 000 0 und d |
| 041 ## - LANGUAGE CODE | |
| Language code of text/sound track or separate title | eng |
| 082 ## - DEWEY DECIMAL CLASSIFICATION NUMBER | |
| Classification number | 378.11 |
| Item number | GRE |
| 100 ## - MAIN ENTRY--PERSONAL NAME | |
| Personal name | Gre Novas |
| 9 (RLIN) | 144838 |
| 245 ## - TITLE STATEMENT | |
| Title | Gre Prep Course |
| 260 ## - PUBLICATION, DISTRIBUTION, ETC. (IMPRINT) | |
| Date of publication, distribution, etc. | 2003 |
| Name of publisher, distributor, etc. | Nova Press |
| 300 ## - PHYSICAL DESCRIPTION | |
| Extent | 615 |
| 365 ## - TRADE PRICE | |
| Currency code | Rs. |
| Price amount | 296.00 |
| 500 ## - GENERAL NOTE | |
| Keywords | 181 GEN |
| 700 ## - ADDED ENTRY--PERSONAL NAME | |
| Personal name | Gre Novas |
| 9 (RLIN) | 144838 |
| 906 ## - LOCAL DATA ELEMENT F, LDF (RLIN) | |
| d | B:1831530-Sep-2003 |
| c | OTH |
| b | 59.2 |
| Withdrawn status | Lost status | Source of classification or shelving scheme | Reference No | Damaged status | Not for loan | Home library | Current library | Date acquired | Vendor | Budget Code | Cost, normal purchase price | Bill number | Full call number | Barcode | Date last seen | Discount | Cost, replacement price | Bill Date | Koha item type | Original Barcode |
|---|---|---|---|---|---|---|---|---|---|---|---|---|---|---|---|---|---|---|---|---|
| Dewey Decimal Classification | Ref 181 G (17316) | Reference | Cummins College of Engineering for Women Pune | Cummins College of Engineering for Women Pune | 09/10/2003 | Pradeep Book Distributors | OTH | 236.80 | 18315 | 378.11 | CCEP-BK-17316 | 18/07/2023 | 59.2 | 296.00 | 30/09/2003 | Books | 017316 |